|
|
|
|
| LEADER |
00748 a2200181 4500 |
| 008 |
100208b ||||| |||| 00| 0 eng d |
| 020 |
|
|
|a 9788131527641
|
| 082 |
|
|
|a 333.7
|
| 100 |
|
|
|a Callan, Ecott J.
|
| 245 |
|
|
|a Environmental economics & management :
|b theory, policy, and applications /
|c Scott J Callan and Janet M Thomas
|
| 250 |
|
|
|a 6th ed.
|
| 260 |
|
|
|a New Delhi:
|b Cengage Learning,
|c c2013.
|
| 300 |
|
|
|3 560 p.
|
| 650 |
|
|
|a Environmental economics
|
| 700 |
|
|
|a Thomas, Janet M.
|
| 942 |
|
|
|c BK
|
| 999 |
|
|
|c 318674
|d 318674
|
| 952 |
|
|
|0 0
|1 0
|2 ddc
|4 0
|6 333_700000000000000_CAL_E
|7 0
|8 RUSA
|9 364870
|a ECN
|b ECN
|c ST1
|d 2017-06-02
|e The Book shop, Publication Division, University of Calicut
|i 8968
|l 3
|m 4
|o 333.7 CAL/E
|p ECN8968
|r 2020-11-17
|s 2020-03-04
|w 2017-06-02
|y BK
|